Online
Catalog

Perspectives on modernization : (Record no. 14446)

MARC details
000 -CABECERA
campo de control de longitud fija 01305cam a2200241 4500
001 - NÚMERO DE CONTROL
campo de control 000014866
005 - FECHA Y HORA DE LA ÚLTIMA TRANSACCIÓN
campo de control 20200929163919.0
008 - DATOS DE LONGITUD FIJA--INFORMACIÓN GENERAL
campo de control de longitud fija 721211s1972 onca b 000 0 eng d
020 ## - NÚMERO INTERNACIONAL ESTÁNDAR DEL LIBRO
Número Internacional Estándar del Libro 0802017983
020 ## - NÚMERO INTERNACIONAL ESTÁNDAR DEL LIBRO
Número Internacional Estándar del Libro 0802001149 (microfiche)
040 ## - FUENTE DE LA CATALOGACIÓN
Centro catalogador/agencia de origen DO-SdBNP
Centro/agencia transcriptor DLC
Centro/agencia modificador DLC
-- BNPHU
082 ## - NÚMERO DE LA CLASIFICACIÓN DECIMAL DEWEY
Número de clasificación NNNN
Número de documento/Ítem P467m
049 ## - FONDOS LOCALES (OCLC)
Fondos de biblioteca BNGR
245 00 - MENCIÓN DE TÍTULO
Título Perspectives on modernization :
Resto del título essays in memory of Ian Weinberg /
Mención de responsabilidad, etc. Edited by Edward B. Harvey.
260 ## - PUBLICACIÓN, DISTRIBUCIÓN, ETC.
Lugar de publicación, distribución, etc. Toronto, :
Nombre del editor, distribuidor, etc. University of Toronto,
Fecha de publicación, distribución, etc. 1972.
300 ## - DESCRIPCIÓN FÍSICA
Extensión xvii, 197 p. :
Otras características físicas illus. ;
Dimensiones 25 cm.
504 ## - NOTA DE BIBLIOGRAFÍA, ETC.
Nota de bibliografía, etc. Includes bibliographical references.
505 0# - NOTA DE CONTENIDO CON FORMATO
Nota de contenido con formato Weinberg, I. The concept of modernization. Moore, W. E. Typical normative conflicts in stages of cultural change. Baum, R. C. On political modernity. Tilly, C. The modernization of political conflict in France. Clark, S. D. Rural migration and patterns of urban growth. Shorter, E. Sexual change and illegitimacy. Nishio, H. Political centralism and economic consequences. Barrett, S. R. Crisis and change in a West African utopia. Marsden, L. R., Harvey, E. B., and Bullock, J. Language barriers to modernization.
650 #0 - PUNTO DE ACCESO ADICIONAL DE MATERIA--TÉRMINO DE MATERIA
Término de materia o nombre geográfico como elemento de entrada Social change.
9 (RLIN) 33677
650 #0 - PUNTO DE ACCESO ADICIONAL DE MATERIA--TÉRMINO DE MATERIA
Término de materia o nombre geográfico como elemento de entrada Social history
Subdivisión cronológica 20th century.
9 (RLIN) 32668
700 1# - PUNTO DE ACCESO ADICIONAL--NOMBRE DE PERSONA
Nombre de persona Weinberg, Ian.
Término indicativo de función/relación ed.
Fechas asociadas al nombre 1938-1969
9 (RLIN) 33678
910 ## - DATOS DE OPCIÓN DEL USUARIO (OCLC)
Datos de opción del usuario Catalogación derivada
Holdings
Estado de retiro Estado de pérdida Restricciones de uso No para préstamo Código de colección Localización permanente Ubicación/localización actual Ubicación en estantería Fecha de adquisición Número de inventario Total de préstamos Signatura topográfica completa Código de barras Fecha visto por última vez Precio válido a partir de Tipo de ítem Koha
      Excluido de préstamo Monografías: Libros y Folletos General General En catalogación 26.01.2010 LF1   NNNN P467m 14866-10 25.06.2020 25.06.2020 No se presta

Powered by Koha